| 000 | 00672nam a2200253 a 4500 | ||
|---|---|---|---|
| 001 | nice12345678 | ||
| 003 | IN_TiNIC | ||
| 005 | 20260116013653.0 | ||
| 008 | 050524s1996 newa grp 000 0 eng | ||
| 020 |
_a8121579 _c475 |
||
| 082 | 0 | 0 |
_a294 _bBHA |
| 100 | _aBhattacharyya, Narendra Nath | ||
| 245 | _aIndian Religious Historiography | ||
| 260 |
_aNew Delhi _bMunshiram Manoharlal Publishers _c1996 |
||
| 300 | _a403p | ||
| 500 | _aincludes index and biblioraphy | ||
| 505 | 2 | _aIndex | |
| 650 | _aIndia-Religion | ||
| 650 | _aIndia-Religion-history | ||
| 700 | 1 | _aBhattacharyya, Narendra Nath | |
| 902 | _bSRS | ||
| 942 | _cBK | ||
| 999 |
_c11894 _d11894 |
||